| 000 | 00349nam a22001337a 4500 | ||
|---|---|---|---|
| 008 | 250714b |||||||| |||| 00| 0 eng d | ||
| 020 | _a9789977925400 | ||
| 050 |
_aHD42 _b.B39 |
||
| 100 | _aBEST, Shedrack | ||
| 245 | _aIntroduction to Peace and Conflict Studies | ||
| 260 |
_aIbadan _bSpectrun Books Ltd. _c2006 |
||
| 300 | _axiv, 457p. | ||
| 942 | _cBK | ||
| 999 |
_c4302 _d4302 |
||